| 000 | 00759cab a2200217 4500 | ||
|---|---|---|---|
| 001 | X3872 | ||
| 008 | 090401t1997 xxu||||| |||| 00| 0 eng d | ||
| 035 | _a(Sirsi) u33491 | ||
| 041 | _aeng | ||
| 245 | _aThames Side Properties Ltd v Brixton Estate plc | ||
| 260 | _c1997 | ||
| 350 | _a0 | ||
| 490 |
_aNew Property Cases _v[1997] NPC 5(2) |
||
| 520 | _aChD 23 January 1997. Scale management fees previously fixed by reference to RICS scales are now read as referring to reasonable fees. TAKEN FROM REPORT HEADING - NOT TO BE PHOTOCOPIED. | ||
| 650 | _aFEE SCALES | ||
| 650 | _aRICS | ||
| 650 | _aTHAMES SIDE PROPERTIES LTD V BRIXTON ESTATE PLC | ||
| 690 | _aMANAGEMENT-BUSINESS MANAGEMENT-PROFESSIONAL PRACTICE | ||
| 942 | _n0 | ||
| 948 | _c04/03/1997 | ||
| 999 |
_c22371 _d22371 |
||